Origami in the classroom (book 2) : Activities for winter through summer
| Main Author: | |
|---|---|
| Format: | Book |
| Published: |
Rutland :
Charles E. Tuttle Co. ,
1994
|
| Subjects: |
MARC
| LEADER | 00000cam a2200000 7i4500 | ||
|---|---|---|---|
| 001 | 0000000425 | ||
| 005 | 20050428.0 | ||
| 020 | |a 0804804532 | ||
| 040 | |a INS | ||
| 090 | 0 | 0 | |a LB1542. |b A7 1994 |
| 100 | 1 | |a Chiyo Araki | |
| 245 | 1 | 0 | |a Origami in the classroom (book 2) : |b Activities for winter through summer |c Chiyo Araki |
| 260 | |a Rutland : |b Charles E. Tuttle Co. , |c 1994 | ||
| 300 | |a 40p. | ||
| 650 | 0 | 0 | |a Origami |
| 999 | |a 0000006557 |b BOOK |c Open Shelf |e Default branch | ||